000 00631cam a2200193 4500500
005 20260405004124.0
041 _afre
042 _adc
100 1 0 _aMartin, Jean-Clet
_eauthor
245 0 0 _aDeleuze, Leibniz et l’œil de la mouche
260 _c2024.
500 _a76
690 _aDeleuze
690 _aGilles Deleuze
690 _aJean-Clet Martin
690 _aLeibniz
786 0 _nPhilosophie magazine - Hors séries | Hors série - Hiver 2024-2025 | HS63 | 2024-12-01 | p. 16-17 | 2104-9246
856 4 1 _uhttps://shs.cairn.info/magazine-philosophie-magazine-2024-hs63-page-16?lang=fr&redirect-ssocas=7080
999 _c2073925
_d2073925